000 00890nas a2200289 4500
001 BR0804503
003 BR-BrBNA
005 20231205111840.0
007 ta
008 230509b bl.|||p| |||| 00| 00por d
040 _aBR-BrBNA
_bpor
_cBiblioteca Nacional de Agricultura
041 _a(Pt)
072 _aL53
100 1 _aMartin, I.
100 1 _aPrestes, N.C.
100 1 _aFerreira, J.C.P.
100 1 _aLopes, M.D.
100 1 _aTrinca, L.A.
245 1 _aEstudo da correlação entre o peso dos neonatos, envoltórios e líquidos fetais com o peso total de cadelas gestantes submetidas à cesariana
650 _aCÃO
650 _aOPERAÇÃO CESARIANA
650 _aPRENHEZ
650 _aLÍQUIDO
773 0 _tARS Veterinária (Brazil)
_xISSN 0102-6380
_g(2005), v. 21(2) p. 281-286
_wBR0804503
909 _a202311
_bLúcia
_c55
_dLúcia Elande
942 _2AGRIS
_n0
_cANA
999 _c194788
_d194788